Psikologi

Bibliographic Details
Main Authors: Ma'rof Redzuan (Author), Haslinda Abdullah (Author)
Format: Book
Language:Malay
Published: Kuala Lumpur : McGraw-Hill 2004
Edition:Edisi kedua
Subjects:

MARC

LEADER 00000cam a2200000 7i4500
001 0000016491
005 20241028.0
008 060506 my a may
020 |a 9832679494 
040 |a INS   |b eng   |e rda 
090 0 0 |a BF121   |b M37 2004 
100 0 |a Ma'rof Redzuan ,   |e author 
245 1 0 |a Psikologi   |c Ma'rof Ridzuan, Haslinda Abdullah 
250 |a Edisi kedua 
264 1 |a Kuala Lumpur :   |b McGraw-Hill   |c 2004 
300 |a xi, 374 pages :   |b illustrations ;   |c 27 cm. 
336 |a text  |2 rdacontent 
337 |a unmediated  |2 rdamedia 
338 |a volume  |2 rdacarrier 
504 |a Includes bibliographical references and index 
650 0 |a Psychology 
700 0 |a Haslinda Abdullah ,   |e author 
999 |a 0000016157   |b BOOK   |c Open Shelf   |e Default branch